Духовная культура фракийцев : (Запис номер 354976)
[ съкратено ]
| 000 -Лидер | |
|---|---|
| Контролно поле с фиксирана дължина | nam a22 a 4500 |
| 003 - Код на организацията, давaща контролен номер | |
| Контролно поле | BLK |
| 005 - Дата и час на последна редакция | |
| Контролно поле | 20201007040724.0 |
| 008 - Елементи от данни с фиксирана дължина | |
| fixed length control field | 180409b bul|||||r ||||||| ||bul|| |
| 040 ## - Източник на каталожния запис | |
| Идентификатор на билиотеката - собственик на записа | BLK |
| 041 ## - Код за език | |
| Код за езика на текст/звукозапис или на отделно заглавие | Руски |
| Код за езика КДБФ | Руски |
| 080 ## - УДК | |
| Текстов определител УДК | Паметници на културата на историческите периоди. Археологическите паметници. Старини |
| УДК код - определител по УДК | 904 |
| УДК определител | (398) |
| УДК - код + определител | 904(398) |
| 080 ## - УДК | |
| Текстов определител УДК | Тракийски племена и тракийска държава (V в. пр. н. е. -V в. от н. е. ) |
| УДК код - определител по УДК | 94(497.2)"-04/+04" |
| УДК - код + определител | 94(497.2)"-04/+04" |
| 080 ## - УДК | |
| Текстов определител УДК | Първобитно и примитивно изкуство (древно и съвременно) |
| УДК код - определител по УДК | 7.031 |
| УДК определител | (398) |
| УДК - код + определител | 7.031(398) |
| 080 ## - УДК | |
| Текстов определител УДК | Религия на древните траки. Подразделя се като 291 |
| УДК код - определител по УДК | 292(=919.885) |
| УДК - код + определител | 292(=919.885) |
| 100 ## - Редна дума - Автор | |
| Автор | Тодоров, Янко |
| Авторска отговорност | първи автор |
| R(LIN) | 1299 |
| 139 ## - Редно поле | |
| Редна дума | Тодоров, Янко |
| Авторски знак | Тодо - Т 64 |
| 245 10 - Сведения за заглавието | |
| Заглавие | Духовная культура фракийцев : |
| Подзаглавни данни | Из античной культуры Болгарии : [Очерци] |
| Редно поле (дума) | Янко Тодоров ; Состав., ред. Велизар Велков ; Пер. с болг. Наталии Дюлгеровой ; [С предг. от Иван Дуйчев, Велизар Велков] |
| 257 ## - Страна на издаване | |
| Страна на създаване/издаване | България |
| 260 ## - Област на издателските данни | |
| Година на издаване | 1987 |
| 9 (RLIN) | 216188 |
| Място на издаване, разпространение и проч. | София |
| Име на издателя, разпространителя и проч. | София-пресс |
| 300 ## - Физическа характеристика | |
| Размери/Мащаб | 20 см |
| Страници | 123 с. |
| 380 ## - Жанр | |
| Жанр | История |
| 500 ## - Общи забележки | |
| Забележка | Прев. е направен от ръкоп. - Офс. изд. - 800 тир. - Съдържа и Из предисловия редколлегии к первому тому многотомной истории Болгарии |
| 650 #4 - Допълнително описание по предмет – тема | |
| Основно описание – тема или топоним | Археология, първобитна - България |
| 9 (RLIN) | 284644 |
| 650 #4 - Допълнително описание по предмет – тема | |
| Основно описание – тема или топоним | Археологически паметници - България |
| 9 (RLIN) | 244116 |
| 650 #4 - Допълнително описание по предмет – тема | |
| Основно описание – тема или топоним | Траки - история и култура |
| 9 (RLIN) | 266676 |
| 650 #4 - Допълнително описание по предмет – тема | |
| Основно описание – тема или топоним | Траки - религия |
| 9 (RLIN) | 248956 |
| 651 #4 - Допълнително описание по предмет - топоним | |
| Географско понятие | Тракия |
| 9 (RLIN) | 251126 |
| 651 #4 - Допълнително описание по предмет - топоним | |
| Географско понятие | България |
| 9 (RLIN) | 241624 |
| 653 ## - Ключова дума – ненормативна | |
| Ключова дума | траки |
| 653 ## - Ключова дума – ненормативна | |
| Ключова дума | история |
| 653 ## - Ключова дума – ненормативна | |
| Ключова дума | произход |
| 653 ## - Ключова дума – ненормативна | |
| Ключова дума | култура |
| 653 ## - Ключова дума – ненормативна | |
| Ключова дума | религии |
| 653 ## - Ключова дума – ненормативна | |
| Ключова дума | изкуство |
| 653 ## - Ключова дума – ненормативна | |
| Ключова дума | археологически паметници |
| 700 ## - Други автори (авторска отговорност) | |
| Лично име | Велков, Велизар Иванов |
| Автороска отговорност (Описва отношението между автора и произведението) | състав. и ред. |
| 9 (RLIN) | 1529 |
| 700 ## - Други автори (авторска отговорност) | |
| Лично име | Дюлгерова, Наталия |
| Автороска отговорност (Описва отношението между автора и произведението) | прев. от бълг. |
| 9 (RLIN) | 385637 |
| 700 ## - Други автори (авторска отговорност) | |
| Лично име | Дуйчев, Иван |
| Автороска отговорност (Описва отношението между автора и произведението) | предг. |
| 9 (RLIN) | 401063 |
| 760 1# - Описание на основната серия | |
| Редна дума на основното описание | Детев, Петър Йорданов |
| Място на издаване, издател и година | Бълг. о-во за мултимедийно изкуство, 2003 |
| Страници - том | 235 с. : с ил. |
| Забележка - том | Авт. отбелязани на с. 3. - На загл. с. г. на изд. 2003-2008. - Съдържа и Каталог на образците. - Библиогр. с. 234. ; Рез. на англ. ез. |
| Заглавие | Кн. 2 Хората |
| 852 ## - Местоположение | |
| Форматна сигнатура | Цб 146972 |
| Фондова буква | Хранилище |
| 856 4# - Електронен адрес и достъп | |
| Електронен формат | pdf - файл |
| 856 4# - Електронен адрес и достъп | |
| Електронен формат | pdf - файл |
| 999 ## - СИСТЕМНИ КОНТРОЛНИ НОМЕРА | |
| Koha biblionumber | 354976 |
| Koha biblioitemnumber | 354976 |
| 942 ## - АРТИКУЛИ | |
| Вид на библиотечния материал | Книги |
| Скрит в OPAC | Не |
| Периодичен библиозапис | Да |
| 944 ## - СЪЗДАВАНЕ И РЕДАКЦИЯ на ЗАПИСА | |
| Създаване/Редакция | Създаване |
| Дата на регистрацията/редакция | 2020-04-15 |
| Служител, извършил регистрацията/редакцията | гц |
| Код за отписване | Код за изгубен артикул | Източник на класификационната схема | Код за повреда | Коз за рестрикции | Код за отдаване | Артикулен № | Име на библиотеката - собственик | Име на библиотеката, в която се намира в момента | Статус (Текущо местоположение) | Дата на вписване в системата | Местоположение - отдел | Цена в лева | Инвентарен номер | Систематично азбучна сигнатура | Баркод | Цена в евро | Служебен тип на артикула |
|---|---|---|---|---|---|---|---|---|---|---|---|---|---|---|---|---|---|
| Не е изгубен | Universal Decimal Classification | Не е повреден | само за читалня | ползва се в читалня | 763027 | Регионална библиотека "Любен Каравелов" Русе | Регионална библиотека "Любен Каравелов" Русе | Хранилище | 2020-04-21 | Хранилище | 1.40 | 474206 | Цб 146972 | 120000474206 | 0.72 | Книги |